NFL Players Who: Caught 15 Receiving TD in a Season - Statistics

General Stats
  • This quiz has been taken 750 times
    137 since last reset
  • The average score is 18 of 35
Answer Stats
Year TDs Player % Correct
2024 17 Ja'Marr Chase
96%
2007 23 Randy Moss
88%
2003 17 Randy Moss
88%
2000 15 Randy Moss
88%
1998 17 Randy Moss
88%
1995 15 Jerry Rice
86%
1993 15 Jerry Rice
86%
1989 17 Jerry Rice
86%
1987 22 Jerry Rice
86%
1986 15 Jerry Rice
86%
2011 16 Calvin Johnson
78%
2021 16 Cooper Kupp
77%
2018 15 Antonio Brown
72%
2020 18 Davante Adams
72%
2011 17 Rob Gronkowski
64%
2020 15 Tyreek Hill
63%
2007 15 Terrell Owens
54%
2001 16 Terrell Owens
54%
2004 15 Marvin Harrison
48%
2001 15 Marvin Harrison
48%
1995 17 Cris Carter
40%
1994 18 Sterling Sharpe
40%
2014 16 Dez Bryant
33%
2011 15 Jordy Nelson
29%
1984 18 Mark Clayton
24%
1942 17 Don Hutson
23%
2013 16 Jimmy Graham
22%
2004 16 Muhsin Muhammad
15%
2010 15 Dwayne Bowe
10%
1951 17 Elroy Hirsch
10%
2007 16 Braylon Edwards
8%
1993 15 Andre Rison
5%
1995 17 Carl Pickens
5%
1952 15 Cloyce Box
4%
1960 15 Sonny Randle
3%
No matching quizzes found
Score Distribution
Percent of People with Each Score
Percentile by Number Answered
Your Score History
You have not taken this quiz since the last reset